| 000 | 00569nam a2200217Ia 4500 | ||
|---|---|---|---|
| 005 | 20260429111848.0 | ||
| 008 | 260429s9999||||xx |||||||||||||| ||und|| | ||
| 020 | _a9789358996135 | ||
| 041 | _aEnglish | ||
| 082 |
_a635 _bDEV |
||
| 100 | _aDevanathan, R. | ||
| 245 | 0 |
_aPrinciples of horticulture / _cR. Devanathan |
|
| 250 | _a1st ed. | ||
| 260 |
_aNew Delhi : _bElite Publishing House, _c2024. |
||
| 300 | _axi, 215 p.; hb | ||
| 650 | _aHorticulture | ||
| 700 | _a Mahadevan, A. | ||
| 700 | _a Rahul Raj, P.R. | ||
| 700 | _a Vinothamani, R. | ||
| 942 | _cTB | ||
| 999 |
_c51183 _d51183 |
||